Fundamentals of Mathematical Statistics (Record no. 10633)

MARC details
000 -LEADER
fixed length control field 00402nam a22001697a 4500
003 - CONTROL NUMBER IDENTIFIER
control field OSt
008 - FIXED-LENGTH DATA ELEMENTS--GENERAL INFORMATION
fixed length control field 210518b ||||| |||| 00| 0 eng d
020 ## - INTERNATIONAL STANDARD BOOK NUMBER
International Standard Book Number 9789351611738
100 ## - MAIN ENTRY--PERSONAL NAME
Personal name GUPTA,SC
245 ## - TITLE STATEMENT
Title Fundamentals of Mathematical Statistics
250 ## - EDITION STATEMENT
Edition statement 12th
260 ## - PUBLICATION, DISTRIBUTION, ETC. (IMPRINT)
Place of publication, distribution, etc New Delhi
Name of publisher, distributor, etc S. Chand
Date of publication, distribution, etc 2021
300 ## - PHYSICAL DESCRIPTION
Extent MISC
650 ## - SUBJECT ADDED ENTRY--TOPICAL TERM
Topical term or geographic name as entry element Applied Sc
700 ## - ADDED ENTRY--PERSONAL NAME
Personal name KAPOOR, VK
942 ## - ADDED ENTRY ELEMENTS (KOHA)
Source of classification or shelving scheme Dewey Decimal Classification
Koha item type Text Books
942 ## - ADDED ENTRY ELEMENTS (KOHA)
-- 12
Holdings
Withdrawn status Lost status Source of classification or shelving scheme Damaged status Not for loan Collection code Home library Current library Date acquired Source of acquisition Currency Cost, normal purchase price Bill Number Total Checkouts Full call number Acc. no. / Barcode Date last seen Actual Cost, discounted price Bill Date Koha item type Date last borrowed Checked out Public note
    Dewey Decimal Classification     Applied Sc. PIET C-LIBRARY PIET C-LIBRARY 13/04/2021 Kirti Praskshan IN Rupees 695.00 IN2034   519.5 GUF 32790 18/05/2021 556.00 13/04/2021 Reference Books      
    Dewey Decimal Classification     Applied Sc. PIET C-LIBRARY PIET C-LIBRARY 13/04/2021 Kirti Praskshan IN Rupees 695.00 IN2034 8 519.5 GUF 32791 22/12/2025 556.00 13/04/2021 Text Books 12/12/2025    
    Dewey Decimal Classification     Applied Sc. PIET C-LIBRARY PIET C-LIBRARY 13/04/2021 Kirti Praskshan IN Rupees 695.00 IN2034 7 519.5 GUF 32792 22/12/2025 556.00 13/04/2021 Text Books 12/12/2025    
    Dewey Decimal Classification     Applied Sc. PIET C-LIBRARY PIET C-LIBRARY 13/04/2021 Kirti Praskshan IN Rupees 695.00 IN2034 1 519.5 GUF 32793 21/01/2022 556.00 13/04/2021 Text Books 21/01/2022 20/07/2022 .
    Dewey Decimal Classification     Applied Sc. PIET C-LIBRARY PIET C-LIBRARY 13/04/2021 Kirti Praskshan IN Rupees 695.00 IN2034 5 519.5 GUF 32794 22/12/2025 556.00 13/04/2021 Text Books 11/12/2025    

Design & Developed by: PIET Central Library
R70 Miles Stone Pattikalyana Samalkha Panipat 132102
mail ID :- [email protected], Phone No:- 0180-2569700 Ex.216